Kernel One : Teachers Book. (Record no. 1188)

MARC details
000 -LEADER
fixed length control field 00355nam a22001217a 4500
005 - DATE AND TIME OF LATEST TRANSACTION
control field 20200826110821.0
008 - FIXED-LENGTH DATA ELEMENTS--GENERAL INFORMATION
fixed length control field 200826b ||||| |||| 00| 0 eng d
020 ## - INTERNATIONAL STANDARD BOOK NUMBER
International Standard Book Number 0582519268
040 ## - CATALOGING SOURCE
Transcribing agency CML
245 ## - TITLE STATEMENT
Title Kernel One : Teachers Book.
Statement of responsibility, etc. Oneill, R.
260 ## - PUBLICATION, DISTRIBUTION, ETC.
Place of publication, distribution, etc. U.K
Name of publisher, distributor, etc. Longman Group Ltd
Date of publication, distribution, etc. 1979
942 ## - ADDED ENTRY ELEMENTS (KOHA)
Source of classification or shelving scheme Dewey Decimal Classification
Koha item type Books
Edition 1st Edition
Classification part 428.07
Call number suffix ONE
Holdings
Withdrawn status Lost status Source of classification or shelving scheme Damaged status Not for loan Collection code Home library Current library Shelving location Date acquired Total Checkouts Full call number Date last seen Copy number Price effective from Koha item type
    Dewey Decimal Classification     Language Chalimbana Main Library Chalimbana Main Library Language 08/26/2020   428.07 ONE 08/26/2020 1 08/26/2020 Books

Powered by Koha